Prokazování likvidity podniku v podmínkách tržního hospodářství.
Príčiny vzniku povinnosti dokazovania likvidity. Zabezpečenie likvidity ako základného cieľa finančného riadenia podniku. Popis stavových a tokových ukazovateľov likvidity. Vplyv odpisov na hospodársky výsledok. Prehľad kapitálových tokov. Potreba riešenia likvidity v podmienkach čs. trhovej ekonomi...
Salvato in:
| Autore principale: | |
|---|---|
| Natura: | Capitolo di libro |
| Lingua: | ceco |
| Soggetti: | |
| Tags: |
Nessun Tag, puoi essere il primo ad aggiungerne!!
|
MARC
| LEADER | 00000naa a2200000 4500 | ||
|---|---|---|---|
| 001 | r005143 | ||
| 005 | 20221125081454.3 | ||
| 041 | 0 | |a cze | |
| 044 | |a [CS] | ||
| 245 | 1 | 0 | |a Prokazování likvidity podniku v podmínkách tržního hospodářství. |c R. Schroll |
| 520 | |a Príčiny vzniku povinnosti dokazovania likvidity. Zabezpečenie likvidity ako základného cieľa finančného riadenia podniku. Popis stavových a tokových ukazovateľov likvidity. Vplyv odpisov na hospodársky výsledok. Prehľad kapitálových tokov. Potreba riešenia likvidity v podmienkach čs. trhovej ekonomiky. | ||
| 610 | 2 | 0 | |a likvidita |
| 610 | 2 | 0 | |a podnik |
| 610 | 2 | 0 | |a hospodárstvo trhové |
| 610 | 2 | 0 | |a riadenie podnikové |
| 610 | 2 | 0 | |a ukazovatele ekonomické |
| 610 | 2 | 0 | |a odpisy |
| 610 | 2 | 0 | |a výsledok hospodársky |
| 610 | 2 | 0 | |a ČSFR |
| 100 | 1 | |a Schroll, R. | |